| 000 | 00974nam a2200277 a 4500 | ||
|---|---|---|---|
| 001 | ASIN1857597559 | ||
| 003 | OSt | ||
| 005 | 20180116192416.0 | ||
| 008 | 130723s2012 xxu eng d | ||
| 020 |
_a1857597559 (paperback) _c$7.95 |
||
| 020 | _a9781857597554 (paperback) | ||
| 040 | _cDEL | ||
| 050 | 0 | 4 | _aN1219.C74 |
| 082 | 0 | 4 | _a725.8 |
| 100 | 1 |
_aMerrick, Jay. _96682 |
|
| 245 | 1 | 0 |
_aFirstsite : _bart spaces / _cJay Merrick. |
| 260 |
_a[S.l.] : _bScala Publishers, _c2012. |
||
| 300 |
_a64 p. ; _c17 cm. |
||
| 520 | _aThe latest book in Scala's Art Spaces series examines the design and delivery of the innovative Firstsite building. | ||
| 650 | 0 |
_aArt museums--Design and construction _96683 |
|
| 650 | 0 |
_aEngland--Colchester _96684 |
|
| 650 | 0 |
_aMuseum architecture _96685 |
|
| 856 | 4 | 0 |
_3Amazon.com _uhttp://www.amazon.com/exec/obidos/ASIN/1857597559/chopaconline-20 |
| 942 |
_2ddc _cBK |
||
| 999 |
_c353732 _d353732 |
||